[Event "Coppa del Mondo FIDE 2013"]
[Site "Tromsø"]
[Date "16.08.2013"]
[Round "2.3"]
[White "Adams, Michael"]
[Black "Kryvoruchko, Yuriy"]
[Result "1/2-1/2"]
[WhiteTitle "GM"]
[BlackTitle "GM"]
[WhiteElo "2740"]
[BlackElo "2678"]
[WhiteFideId "400041"]
[BlackFideId "14109182"]
[EventDate "2013.08.11"]

1. e4 c5 2. Nf3 e6 3. g3 Nc6 4. Bg2 Nf6 5. Qe2 d6 6. c3 Be7 7. d4 cxd4 8. cxd4
d5 9. e5 Ne4 10. O-O O-O 11. Nbd2 f5 12. exf6 Nxf6 13. b3 a5 14. a3 Qb6 15. Bb2
Bd6 16. Rac1 Re8 17. Rfe1 Bd7 18. h3 Ne7 19. Ne5 Bb5 20. Qd1 Nf5 21. Nf1 Ba4 22.
Nd2 Bb5 23. Ng4 Nxg4 24. hxg4 Nxd4 25. Nf1 Nc6 26. Bxd5 Nd8 27. Be4 Nf7 28. Bd4
Qd8 29. a4 Ba6 30. Ne3 Bb4 31. Bc3 Qb6 32. Bxb4 Qxb4 33. Nc4 Rad8 34. Qc2 Ng5
35. Bg2 b5 36. axb5 Bxb5 37. Qc3 Qxc3 38. Rxc3 a4 39. bxa4 Bxa4 40. Nb6 Bd1 41.
f4 Nf7 42. Bc6 Bxg4 43. Bxe8 Rxe8 44. Rc7 Nd6 45. Nd7 Nf5 46. Ne5 h5 47. Kf2 Ra8
48. Nxg4 hxg4 49. Rxe6 Ra2+ 50. Re2 Rxe2+ 51. Kxe2 Nxg3+ 52. Ke3 Kh7 53. Rc5 g6
54. Rg5 Nf5+ 55. Ke4 g3 56. Kf3 Kg7 57. Rxg3 1/2-1/2

[Event "Coppa del Mondo FIDE 2013"]
[Site "Tromsø"]
[Date "16.08.2013"]
[Round "2.3"]
[White "Jobava, Baadur"]
[Black "Korobov, Anton"]
[Result "0-1"]
[WhiteTitle "GM"]
[BlackTitle "GM"]
[WhiteElo "2696"]
[BlackElo "2720"]
[WhiteFideId "13601520"]
[BlackFideId "14105730"]
[EventDate "2013.08.11"]

1. e4 c5 2. Nc3 d6 3. f4 Nc6 4. Nf3 g6 5. Bb5 Bg7 6. O-O Bd7 7. d3 a6 8. Bxc6
Bxc6 9. Qe1 Nf6 10. b3 Nd7 11. Bb2 Qa5 12. Rb1 e6 13. a4 O-O-O 14. e5 Bxf3 15.
Nb5 Qxe1 16. Nxd6+ Kc7 17. Rbxe1 Bc6 18. Nxf7 Rhf8 19. Nxd8 Rxd8 20. a5 Bf8 21.
c4 Be7 22. Re3 Nb8 23. g4 Be8 24. Rh3 h5 25. gxh5 gxh5 26. Rg3 Nc6 27. Bc3 h4
28. Rg7 Rxd3 29. Be1 Kd8 30. Rf2 Nd4 31. Kf1 Bc6 32. Rd2 Rxb3 33. Rh7 h3 34. f5
exf5 35. e6 Bg5 36. Rd1 Rf3+ 37. Kg1 0-1

[Event "Coppa del Mondo FIDE 2013"]
[Site "Tromsø"]
[Date "16.08.2013"]
[Round "2.3"]
[White "Hammer, Jon Ludvig"]
[Black "Navara, David"]
[Result "1-0"]
[WhiteTitle "GM"]
[BlackTitle "GM"]
[WhiteElo "2605"]
[BlackElo "2715"]
[WhiteFideId "1503707"]
[BlackFideId "309095"]
[EventDate "2013.08.11"]

1. d4 d5 2. c4 c6 3. Nf3 Nf6 4. Nc3 e6 5. Bg5 Nbd7 6. e3 Qa5 7. cxd5 Nxd5 8. Qd2
Bb4 9. Rc1 h6 10. Bh4 c5 11. Be2 b6 12. O-O Ba6 13. Bxa6 Qxa6 14. Nxd5 exd5 15.
Qc2 Qxa2 16. Ra1 Qc4 17. Qa4 b5 18. Qa6 O-O 19. Qb7 Nb6 20. Rfc1 Rfb8 21. Qa6
Qe2 22. dxc5 Nc4 23. Bg3 Rc8 24. Qxb5 Bxc5 25. b3 a6 26. Rxa6 Qb2 27. Re1 Rxa6
28. Qxa6 Nb6 29. Qb5 Qc3 30. Be5 Qb4 31. Qxb4 Bxb4 32. Rb1 Nd7 33. Bd4 Rc2 34.
Kf1 Nc5 35. Bxc5 Bxc5 36. Rd1 Bb4 37. Rd4 Be7 38. Rxd5 Rb2 39. Rb5 Bf6 40. g4 g6
41. h4 Kg7 42. Rb7 Rb1+ 43. Kg2 Rb2 44. g5 hxg5 45. Nxg5 Bxg5 46. hxg5 Kf8 47.
b4 Ke8 48. Kf3 Rd2 49. Rc7 Rb2 50. Rb7 Rd2 51. b5 Rd5 52. Kg4 Re5 53. b6 Re6 54.
Rb8+ Ke7 55. b7 Rb6 56. f4 1-0

[Event "Coppa del Mondo FIDE 2013"]
[Site "Tromsø"]
[Date "16.08.2013"]
[Round "2.3"]
[White "Moiseenko, Alexander"]
[Black "Bacrot, Etienne"]
[Result "1-0"]
[WhiteTitle "GM"]
[BlackTitle "GM"]
[WhiteElo "2699"]
[BlackElo "2714"]
[WhiteFideId "14102560"]
[BlackFideId "605506"]
[EventDate "2013.08.11"]

1. d4 Nf6 2. c4 g6 3. Nc3 Bg7 4. e4 d6 5. Bd3 O-O 6. Nge2 c5 7. d5 e6 8. Bg5 h6
9. Bh4 exd5 10. exd5 Nbd7 11. f4 g5 12. Bg3 Ng4 13. O-O Ne3 14. Qd2 Nxf1 15.
Rxf1 gxf4 16. Bxf4 Ne5 17. Bxh6 f5 18. Bxg7 Kxg7 19. Nf4 Rh8 20. h3 Qe7 21. Nce2
Bd7 22. Ng3 Raf8 23. Ne6+ Bxe6 24. dxe6 f4 25. Nf5+ Rxf5 26. Bxf5 Rh4 27. b3 f3
28. gxf3 Rd4 29. Qg2+ Kf8 30. f4 Nc6 31. Kh1 Qf6 32. Qg5 Ke7 33. Rg1 Qxg5 34.
fxg5 Ne5 35. g6 Nf3 36. Rf1 1-0

[Event "Coppa del Mondo FIDE 2013"]
[Site "Tromsø"]
[Date "16.08.2013"]
[Round "2.3"]
[White "Vallejo Pons, Francisco"]
[Black "Le, Quang Liem"]
[Result "1/2-1/2"]
[WhiteTitle "GM"]
[BlackTitle "GM"]
[WhiteElo "2706"]
[BlackElo "2702"]
[WhiteFideId "2205530"]
[BlackFideId "12401137"]
[EventDate "2013.08.11"]

1. e4 c5 2. Nf3 d6 3. d4 cxd4 4. Nxd4 Nf6 5. Nc3 a6 6. Bg5 Nbd7 7. a4 e6 8. a5
Be7 9. Nb3 O-O 10. Be2 Qc7 11. O-O h6 12. Be3 Nc5 13. Nxc5 dxc5 14. f4 Rd8 15.
Qe1 Bd7 16. Qg3 Bc6 17. Bf3 Kh8 18. e5 Nd5 19. Nxd5 Bxd5 20. f5 exf5 21. Bxd5
Rxd5 22. Rxf5 Rf8 23. Raf1 c4 24. Rxf7 Rxf7 25. Rxf7 Qxe5 26. Qxe5 Rxe5 27. Bd4
Bc5 28. Bxc5 Rxc5 29. Rxb7 Rxa5 30. c3 Kh7 31. Kf2 Rf5+ 32. Ke3 Re5+ 33. Kf3
Rf5+ 34. Ke3 Re5+ 35. Kf4 Re2 36. Kf3 Rc2 37. h4 a5 38. Rb5 Kg6 39. Rxa5 Rxb2
40. Rc5 h5 41. Rxc4 Rc2 42. Rc5 Kf6 43. g3 g6 44. Ke3 Rc1 45. Kd3 Ra1 46. Rg5
Ra6 47. Kc4 Ke7 48. Kb5 Rf6 49. c4 Kd7 50. Kc5 Kc7 51. Kd5 Kd7 52. c5 Ra6 53.
Re5 Rf6 54. Re3 Rf5+ 55. Re5 Rf3 56. c6+ Kc7 57. Re7+ Kc8 58. Re8+ Kc7 59. Re7+
Kc8 60. Kd6 Rd3+ 61. Ke6 Rxg3 62. Kf6 1/2-1/2

[Event "Coppa del Mondo FIDE 2013"]
[Site "Tromsø"]
[Date "16.08.2013"]
[Round "2.4"]
[White "Aronian, Levon"]
[Black "Lysyj, Igor"]
[Result "1-0"]
[WhiteTitle "GM"]
[BlackTitle "GM"]
[WhiteElo "2813"]
[BlackElo "2648"]
[WhiteFideId "13300474"]
[BlackFideId "4150120"]
[EventDate "2013.08.11"]

1. d4 Nf6 2. Nf3 b6 3. c4 Bb7 4. g3 Bxf3 5. exf3 e6 6. Bg2 d5 7. O-O Be7 8. f4
c6 9. b3 Na6 10. Nd2 O-O 11. Nf3 Qc7 12. Bb2 Rac8 13. Rc1 Qb7 14. Qe2 Rfe8 15.
Ne5 Nb8 16. Rfe1 Bf8 17. Rc2 Rc7 18. Rec1 Rec8 19. a3 a5 20. h4 g6 21. Bf3 h5
22. Kg2 Bg7 23. Rc3 c5 24. R3c2 Na6 25. Re1 Qa7 26. cxd5 exd5 27. Qb5 Nb8 28.
Rec1 Qa6 29. Qxa6 Nxa6 30. dxc5 Rxc5 31. Rxc5 Rxc5 32. Rxc5 Nxc5 33. b4 axb4 34.
axb4 Ne6 35. Nc6 1-0

[Event "Coppa del Mondo FIDE 2013"]
[Site "Tromsø"]
[Date "16.08.2013"]
[Round "2.4"]
[White "Kramnik, Vladimir"]
[Black "Kobalia, Mikhail"]
[Result "1-0"]
[WhiteTitle "GM"]
[BlackTitle "GM"]
[WhiteElo "2784"]
[BlackElo "2651"]
[WhiteFideId "4101588"]
[BlackFideId "4119150"]
[EventDate "2013.08.11"]

1. e4 c5 2. b3 Nc6 3. Bb2 e5 4. Bc4 d6 5. d3 Nf6 6. Ne2 Be7 7. Nbc3 Nd4 8. O-O
O-O 9. f4 a6 10. a4 b6 11. Nd5 Rb8 12. fxe5 dxe5 13. Ng3 Nxd5 14. Bxd5 Bh4 15.
Qh5 Bf6 16. c4 g6 17. Qd1 Bg7 18. Ra2 Qe7 19. Bc3 Be6 20. Raf2 b5 21. axb5 axb5
22. Kh1 h5 23. Bxd4 exd4 24. Nf5 gxf5 25. exf5 bxc4 26. f6 Qd6 27. fxg7 Kxg7 28.
bxc4 Bxd5 29. Qxh5 f5 30. cxd5 Qg6 31. Qh4 Rbe8 32. Rf3 Re3 33. Rxe3 dxe3 34.
Qe7+ Rf7 35. Qxe3 f4 36. Qe5+ Qf6 37. Qxf6+ Rxf6 38. g3 f3 39. Kg1 Rf5 40. d6
Kf6 41. Kf2 Ke5 42. Re1+ Kxd6 43. Re3 1-0

[Event "Coppa del Mondo FIDE 2013"]
[Site "Tromsø"]
[Date "16.08.2013"]
[Round "2.4"]
[White "Sasikiran, Krishnan"]
[Black "Karjakin, Sergey"]
[Result "1/2-1/2"]
[WhiteTitle "GM"]
[BlackTitle "GM"]
[WhiteElo "2660"]
[BlackElo "2772"]
[WhiteFideId "5004985"]
[BlackFideId "14109603"]
[EventDate "2013.08.11"]

1. d4 Nf6 2. c4 e6 3. Nc3 Bb4 4. e3 O-O 5. Ne2 d5 6. a3 Be7 7. cxd5 exd5 8. Nf4
Re8 9. Bd3 Bd6 10. O-O Bxf4 11. exf4 Nc6 12. Ne2 Ne4 13. Be3 Bf5 14. Rc1 Qd7 15.
Bb5 Nd6 16. Qa4 Nxb5 17. Qxb5 Rab8 18. Ng3 a6 19. Qa4 Rbc8 20. Nxf5 Qxf5 21. Rc5
Red8 22. Rfc1 h5 23. h3 Rd7 24. Rxc6 bxc6 25. Rxc6 Ra8 26. b4 Qd3 27. Kh2 Re7
28. Rc1 Rae8 29. Rd1 Qc4 30. Re1 Qd3 31. Rd1 Qc4 32. Rc1 Qd3 33. Rd1 1/2-1/2

[Event "Coppa del Mondo FIDE 2013"]
[Site "Tromsø"]
[Date "16.08.2013"]
[Round "2.4"]
[White "Bologan, Viktor"]
[Black "Svidler, Peter"]
[Result "0-1"]
[WhiteTitle "GM"]
[BlackTitle "GM"]
[WhiteElo "2672"]
[BlackElo "2746"]
[WhiteFideId "13900048"]
[BlackFideId "4102142"]
[EventDate "2013.08.11"]

1. Nf3 Nf6 2. c4 c5 3. Nc3 d5 4. cxd5 Nxd5 5. e3 Nxc3 6. bxc3 g6 7. d4 Bg7 8.
Bb5+ Nd7 9. O-O O-O 10. a4 b6 11. Ba3 Bb7 12. a5 Qc7 13. Qe2 Nf6 14. a6 Bc6 15.
Bxc6 Qxc6 16. Ne5 Qc7 17. Qf3 Rfc8 18. Rab1 e6 19. Rfc1 Ne8 20. Nc4 Bf8 21. h4
Qc6 22. Qxc6 Rxc6 23. Ne5 Rc7 24. e4 Rd8 25. Rd1 f6 26. Nf3 Rcd7 27. Re1 Nc7 28.
dxc5 bxc5 29. Ra1 e5 30. Bc1 Rd3 31. c4 Rc3 32. Ra4 Rd6 33. Be3 Rxa6 34. Rxa6
Nxa6 35. Ra1 Nb4 36. Rxa7 Rxc4 37. h5 gxh5 38. Nh4 Rxe4 39. Nf5 Nc6 40. Rc7 Nd4
41. Ng3 Rg4 42. Nxh5 Rg6 43. Bxd4 exd4 44. Rd7 f5 45. Ng3 Rd6 46. Rxd6 Bxd6 47.
Nxf5 Be5 48. Kf1 Kf7 49. Ke2 Ke6 50. g4 Kd5 51. Ne7+ Kc4 52. g5 d3+ 53. Kd1 Kb3
54. g6 hxg6 55. Nxg6 Bd6 56. Nh4 c4 57. Nf3 c3 58. Nd2+ cxd2 59. f4 Kc4 60. f5
Be5 0-1

[Event "Coppa del Mondo FIDE 2013"]
[Site "Tromsø"]
[Date "16.08.2013"]
[Round "2.4"]
[White "Navara, David"]
[Black "Hammer, Jon Ludvig"]
[Result "0-1"]
[WhiteTitle "GM"]
[BlackTitle "GM"]
[WhiteElo "2715"]
[BlackElo "2605"]
[WhiteFideId "309095"]
[BlackFideId "1503707"]
[EventDate "2013.08.11"]

1. Nf3 Nf6 2. c4 g6 3. Nc3 d5 4. cxd5 Nxd5 5. Qb3 Nb6 6. d4 Bg7 7. e4 Bg4 8.
Bb5+ c6 9. Ng5 O-O 10. Be2 Bxe2 11. Nxe2 Na6 12. Qh3 h6 13. Nf3 h5 14. g4 hxg4
15. Qxg4 Nd7 16. e5 Nb4 17. O-O Re8 18. e6 Nf8 19. exf7+ Kxf7 20. Nf4 Qd7 21.
Ng5+ Kg8 22. Nfe6 Bf6 23. Re1 Nc2 24. Re4 Nxa1 25. Nh7 Nxe6 26. Qxg6+ Ng7 27.
Rf4 Qh3 28. Rxf6 exf6 29. Nxf6+ Kh8 30. Bd2 Re6 0-1

[Event "Coppa del Mondo FIDE 2013"]
[Site "Tromsø"]
[Date "16.08.2013"]
[Round "2.4"]
[White "Bacrot, Etienne"]
[Black "Moiseenko, Alexander"]
[Result "1/2-1/2"]
[WhiteTitle "GM"]
[BlackTitle "GM"]
[WhiteElo "2714"]
[BlackElo "2699"]
[WhiteFideId "605506"]
[BlackFideId "14102560"]
[EventDate "2013.08.11"]

1. e4 c5 2. Nf3 Nc6 3. Bb5 g6 4. Bxc6 bxc6 5. O-O Bg7 6. Re1 Nh6 7. c3 O-O 8. h3
f6 9. d4 cxd4 10. cxd4 Nf7 11. Nc3 d6 12. b3 Qa5 13. Bd2 Qb6 14. Rc1 Rb8 15. Qc2
Bd7 16. Bf4 Ng5 17. Nxg5 fxg5 18. Be3 Qa5 19. Qe2 h6 20. Red1 Kh7 21. Na4 Qb5
22. Qxb5 Rxb5 23. f3 Rc8 24. Kf2 Kg8 25. Rc4 Kf7 26. Rdc1 Ke8 27. Nb2 Kd8 28.
Ra4 Rb7 29. Rac4 c5 30. e5 Be6 31. R4c2 cxd4 32. Rxc8+ Bxc8 33. Bxd4 dxe5 34.
Bc3 Rb5 35. Nc4 Be6 36. Nd2 Bf6 37. Re1 Kd7 38. Re4 Rc5 39. Re3 Bd5 40. Ke2 e4
41. fxe4 Bxc3 42. exd5 Bxd2 43. Kxd2 Kd6 44. Re6+ Kxd5 45. Rxg6 e5 46. Rxh6 Ke4
47. Ra6 Rd5+ 48. Ke2 Rd7 49. Ra4+ Kd5 50. Ke3 Rc7 51. Ra5+ Kd6 52. Ke4 Rc2 53.
g4 Re2+ 54. Kf3 Rh2 55. Rxa7 Kd5 56. Rd7+ Ke6 57. Ra7 Kd5 58. Kg3 Rc2 59. Ra4
Rc3+ 60. Kg2 Rc2+ 61. Kf1 e4 62. b4 Rb2 63. Ke1 Kd4 64. b5+ Ke5 65. Ra3 Rxb5 66.
Rb3 Ra5 67. a3 Kf4 68. Ke2 Ra8 69. Kf2 Rd8 70. Ke2 Rc8 71. Rb2 Rc3 72. Ra2 Rxh3
73. Kf1 Kxg4 74. a4 Rh1+ 75. Kg2 Rh6 76. a5 Ra6 77. Kf2 Kf4 78. Ke2 1/2-1/2

[Event "Coppa del Mondo FIDE 2013"]
[Site "Tromsø"]
[Date "16.08.2013"]
[Round "2.4"]
[White "Le, Quang Liem"]
[Black "Vallejo Pons, Francisco"]
[Result "1-0"]
[WhiteTitle "GM"]
[BlackTitle "GM"]
[WhiteElo "2702"]
[BlackElo "2706"]
[WhiteFideId "12401137"]
[BlackFideId "2205530"]
[EventDate "2013.08.11"]

1. Nf3 d5 2. d4 Nf6 3. c4 c6 4. Nc3 dxc4 5. a4 Bf5 6. e3 e6 7. Bxc4 Bb4 8. O-O
O-O 9. Nh4 Bg4 10. f3 Bh5 11. g4 Nd5 12. Ng2 Bg6 13. Na2 Be7 14. e4 Nb6 15. Bb3
Na6 16. a5 Nd7 17. Nc3 Bb4 18. h4 h6 19. g5 hxg5 20. Bxg5 Be7 21. Qd2 e5 22. d5
Ndc5 23. Bc4 Rc8 24. Rad1 Bxg5 25. Qxg5 Qxg5 26. hxg5 Bh5 27. Ne3 g6 28. dxc6
bxc6 29. Bxa6 Nxa6 30. Nc4 f6 31. gxf6 Rxf6 32. Nxe5 Re8 33. Nd7 Rf7 34. Rd6 Kg7
35. e5 Rxf3 36. Rxc6 Nb4 37. Rd6 Rg3+ 38. Kh2 Rd3 39. Nc5 Re3 40. e6 Bg4 41. Rf4
Rh8+ 42. Kg2 Bh3+ 43. Kf2 Re5 44. Rd7+ Kh6 45. Rh4+ Rh5 46. Rxh5+ gxh5 47. Rxa7
Rc8 48. e7 Nc6 49. Ra6 1-0

[Event "Coppa del Mondo FIDE 2013"]
[Site "Tromsø"]
[Date "16.08.2013"]
[Round "2.8"]
[White "Dubov, Daniil"]
[Black "Ponomariov, Ruslan"]
[Result "1/2-1/2"]
[WhiteTitle "GM"]
[BlackTitle "GM"]
[WhiteElo "2624"]
[BlackElo "2756"]
[WhiteFideId "24126055"]
[BlackFideId "14103320"]
[EventDate "2013.08.11"]

1. d4 Nf6 2. c4 e6 3. Nc3 Bb4 4. e3 c5 5. Ne2 cxd4 6. exd4 d5 7. c5 Ne4 8. Bd2
Bxc3 9. Nxc3 O-O 10. Bd3 Nc6 11. O-O 1/2-1/2

[Event "Coppa del Mondo FIDE 2013"]
[Site "Tromsø"]
[Date "17.08.2013"]
[Round "3.1"]
[White "Aronian, Levon"]
[Black "Tomashevsky, Evgeny"]
[Result "0-1"]
[WhiteTitle "GM"]
[BlackTitle "GM"]
[WhiteElo "2813"]
[BlackElo "2706"]
[WhiteFideId "13300474"]
[BlackFideId "4147235"]
[EventDate "2013.08.11"]

1. d4 d5 2. c4 e6 3. Nf3 c6 4. e3 Bd6 5. Bd3 f5 6. O-O Nf6 7. b3 Qe7 8. Ne5 O-O
9. Bb2 Bd7 10. Nc3 Be8 11. cxd5 cxd5 12. Rc1 Nc6 13. Nb5 Bb4 14. a3 Ba5 15. Be2
a6 16. Nc3 Ne4 17. b4 Bc7 18. Nxe4 fxe4 19. Qb3 Bxe5 20. dxe5 Qg5 21. Kh1 Bh5
22. f3 Qh6 23. Rce1 exf3 24. gxf3 Rf7 25. Bc1 Bg6 26. e4 Qh3 27. exd5 Nd4 28.
Qd1 Nxe2 29. Qxe2 Bh5 30. Kg1 Bxf3 31. Qf2 Qg4+ 32. Qg3 Qxg3+ 33. hxg3 Bxd5 34.
Be3 a5 35. b5 a4 36. Rxf7 Kxf7 37. Rf1+ Kg6 38. Rf4 h6 39. Kf2 Bb3 40. Rg4+ Kh7
41. Rd4 Rc8 42. b6 Rc2+ 43. Ke1 Ra2 44. Bc1 Rg2 45. Bf4 Rg1+ 46. Kd2 Ra1 47. Kc3
Rxa3 48. Kb4 Ra1 49. Bd2 Bd5 50. Bc3 Ra2 51. Rd3 Kg6 52. Rd4 a3 53. Rd3 Kf5 54.
Bd2 Ra1 55. Bc3 Ra2 56. Bd2 Ke4 57. Re3+ Kd4 58. Bc1 Rc2 0-1

[Event "Coppa del Mondo FIDE 2013"]
[Site "Tromsø"]
[Date "17.08.2013"]
[Round "3.1"]
[White "Malakhov, Vladimir"]
[Black "Caruana, Fabiano"]
[Result "1/2-1/2"]
[WhiteTitle "GM"]
[BlackTitle "GM"]
[WhiteElo "2707"]
[BlackElo "2796"]
[WhiteFideId "4120787"]
[BlackFideId "2020009"]
[EventDate "2013.08.11"]

1. e4 e5 2. Nf3 Nc6 3. Bc4 Bc5 4. c3 Nf6 5. d3 a6 6. Bb3 Ba7 7. O-O d6 8. Be3
Bxe3 9. fxe3 O-O 10. Nbd2 Be6 11. Qe2 Qe7 12. h3 Nb8 13. Bc2 c5 14. d4 Bd7 15.
dxe5 dxe5 16. Nc4 Bb5 17. a4 Bxc4 18. Qxc4 Nc6 19. a5 Na7 20. Nh4 g6 21. Rf2
Rac8 22. Raf1 Ne8 23. Nf3 Nc6 24. Qa2 Nd6 25. Nd2 c4 26. Nxc4 Nxc4 27. Qxc4 Nxa5
28. Qd5 b5 29. Rf6 Rcd8 30. Rxf7 Rxf7 31. Rxf7 Rxd5 32. Rxe7 Rd2 33. b4 Rxc2 34.
bxa5 Rxc3 35. Re6 Rxe3 36. Rxa6 Rxe4 1/2-1/2

[Event "Coppa del Mondo FIDE 2013"]
[Site "Tromsø"]
[Date "17.08.2013"]
[Round "3.1"]
[White "Kramnik, Vladimir"]
[Black "Areshchenko, Alexander"]
[Result "1/2-1/2"]
[WhiteTitle "GM"]
[BlackTitle "GM"]
[WhiteElo "2784"]
[BlackElo "2709"]
[WhiteFideId "4101588"]
[BlackFideId "14109530"]
[EventDate "2013.08.11"]

1. c4 g6 2. Nc3 c5 3. g3 Bg7 4. Bg2 Nc6 5. Nf3 e6 6. d4 cxd4 7. Nb5 d5 8. cxd5
exd5 9. O-O Nge7 10. Bf4 O-O 11. Nc7 Rb8 12. Nb5 Ra8 13. Qd2 Bg4 14. Nbxd4 Qb6
15. Be3 Nxd4 16. Bxd4 Bxd4 17. Nxd4 Nc6 18. Nb3 Rad8 19. Rac1 Rfe8 20. Rfe1 Nb4
21. h3 Be6 22. Qd4 Nxa2 23. Qxb6 1/2-1/2

[Event "Coppa del Mondo FIDE 2013"]
[Site "Tromsø"]
[Date "17.08.2013"]
[Round "3.1"]
[White "Karjakin, Sergey"]
[Black "Eljanov, Pavel"]
[Result "1/2-1/2"]
[WhiteTitle "GM"]
[BlackTitle "GM"]
[WhiteElo "2772"]
[BlackElo "2702"]
[WhiteFideId "14109603"]
[BlackFideId "14102951"]
[EventDate "2013.08.11"]

1. e4 c6 2. Nf3 d5 3. Nc3 dxe4 4. Nxe4 Nf6 5. Nxf6+ exf6 6. d4 Bd6 7. Be2 O-O 8.
O-O Re8 9. h3 Bf5 10. Bd3 Qd7 11. Bxf5 Qxf5 12. c4 Na6 13. Qb3 b6 14. Bd2 Nc7
15. Rfe1 g5 16. Rxe8+ Rxe8 17. Qa4 b5 18. Qxa7 bxc4 19. Qa4 Qb5 20. Qc2 Rb8 21.
Rc1 Nd5 22. Qxc4 Qxc4 23. Rxc4 Rxb2 24. Rxc6 Rb1+ 25. Rc1 Rxc1+ 26. Bxc1 Nc3 27.
Bd2 Nxa2 28. Kf1 Nb4 29. Bxb4 Bxb4 30. Ke2 h6 31. Kd3 f5 32. Kc4 Ba3 33. Kd5 Kg7
34. Ke5 Kg6 35. d5 Bc5 36. d6 Bxf2 37. Nd4 f6+ 38. Kd5 Bxd4 39. Kxd4 Kf7 40. Kd5
Ke8 41. Ke6 g4 42. hxg4 fxg4 43. Kxf6 Kd7 44. Kg6 g3 45. Kxh6 Kxd6 46. Kg5 Ke6
47. Kg4 Kf6 48. Kxg3 Kg5 1/2-1/2

[Event "Coppa del Mondo FIDE 2013"]
[Site "Tromsø"]
[Date "17.08.2013"]
[Round "3.1"]
[White "Dubov, Daniil"]
[Black "Korobov, Anton"]
[Result "1/2-1/2"]
[WhiteTitle "GM"]
[BlackTitle "GM"]
[WhiteElo "2624"]
[BlackElo "2720"]
[WhiteFideId "24126055"]
[BlackFideId "14105730"]
[EventDate "2013.08.11"]

1. c4 Nf6 2. Nc3 e6 3. Nf3 b6 4. g3 Bb7 5. Bg2 Be7 6. O-O O-O 7. b3 c5 8. Bb2 d5
9. cxd5 Nxd5 10. d4 Nxc3 11. Bxc3 cxd4 12. Qxd4 Qxd4 13. Nxd4 Bxg2 14. Kxg2 Rc8
15. Rac1 Nc6 16. Nxc6 1/2-1/2

[Event "Coppa del Mondo FIDE 2013"]
[Site "Tromsø"]
[Date "17.08.2013"]
[Round "3.1"]
[White "Svidler, Peter"]
[Black "Radjabov, Teimour"]
[Result "1-0"]
[WhiteTitle "GM"]
[BlackTitle "GM"]
[WhiteElo "2746"]
[BlackElo "2733"]
[WhiteFideId "4102142"]
[BlackFideId "13400924"]
[EventDate "2013.08.11"]

1. d4 Nf6 2. c4 g6 3. Nc3 Bg7 4. e4 d6 5. h3 O-O 6. Bg5 Qe8 7. Nf3 e5 8. dxe5
dxe5 9. Nd5 Nxd5 10. cxd5 c6 11. Bc4 Nd7 12. O-O Nb6 13. Bb3 cxd5 14. exd5 h6
15. Be3 Qd8 16. Qd2 Kh7 17. Rfe1 Re8 18. Rac1 e4 19. Nh2 Qd6 20. Bf4 Be5 21.
Rxe4 Bxf4 22. Rxf4 Bf5 23. g4 Be6 24. Nf3 g5 25. dxe6 Qxf4 26. Qxf4 gxf4 27. Rc7
Kh8 28. Rxf7 Rad8 29. e7 Rb8 30. g5 Rg8 31. Bc2 Rg7 32. Rf8+ 1-0

[Event "Coppa del Mondo FIDE 2013"]
[Site "Tromsø"]
[Date "17.08.2013"]
[Round "3.1"]
[White "Ivanchuk, Vassily"]
[Black "Kryvoruchko, Yuriy"]
[Result "1/2-1/2"]
[WhiteTitle "GM"]
[BlackTitle "GM"]
[WhiteElo "2731"]
[BlackElo "2678"]
[WhiteFideId "14100010"]
[BlackFideId "14109182"]
[EventDate "2013.08.11"]

1. e4 e5 2. Nf3 Nc6 3. Bb5 Nf6 4. O-O Nxe4 5. d4 Nd6 6. Bxc6 dxc6 7. dxe5 Nf5 8.
Qxd8+ Kxd8 9. Nc3 Ke8 10. b3 b6 11. Bb2 Bb7 12. Rad1 Be7 13. h3 Rd8 14. Rxd8+
Bxd8 15. Rd1 h5 16. Rd3 Ba6 17. Rd2 Bb7 18. Rd3 Ba6 19. Rd2 Bb7 1/2-1/2

[Event "Coppa del Mondo FIDE 2013"]
[Site "Tromsø"]
[Date "18.08.2013"]
[Round "3.2"]
[White "Tomashevsky, Evgeny"]
[Black "Aronian, Levon"]
[Result "1/2-1/2"]
[WhiteTitle "GM"]
[BlackTitle "GM"]
[WhiteElo "2706"]
[BlackElo "2813"]
[WhiteFideId "4147235"]
[BlackFideId "13300474"]
[EventDate "2013.08.11"]

1. d4 Nf6 2. c4 e6 3. Nf3 c5 4. d5 exd5 5. cxd5 Bd6 6. Nc3 O-O 7. g3 Bc7 8. d6
Ba5 9. Bg2 Ne4 10. O-O Nxc3 11. bxc3 Bxc3 12. Bg5 Bf6 13. Qd5 Na6 14. Rac1 Rb8
15. Qf5 b5 16. e4 Bxg5 17. Nxg5 g6 18. Qg4 f6 19. Nxh7 Kxh7 20. f4 Bb7 21. f5
Qe8 22. e5 Bxg2 23. Kxg2 fxe5 24. Rce1 gxf5 25. Rxf5 Rxf5 26. Qxf5+ Qg6 27.
Qxd7+ Kg8 28. Rf1 c4 29. h4 c3 30. h5 Qe4+ 31. Kh3 Kh8 32. Qe6 Nc5 33. Qf6+ Kh7
34. Qf7+ Kh8 35. Qf6+ Kh7 36. Qe7+ Kh8 37. Qf6+ 1/2-1/2

[Event "Coppa del Mondo FIDE 2013"]
[Site "Tromsø"]
[Date "18.08.2013"]
[Round "3.2"]
[White "Caruana, Fabiano"]
[Black "Malakhov, Vladimir"]
[Result "1/2-1/2"]
[WhiteTitle "GM"]
[BlackTitle "GM"]
[WhiteElo "2796"]
[BlackElo "2707"]
[WhiteFideId "2020009"]
[BlackFideId "4120787"]
[EventDate "2013.08.11"]

1. e4 e5 2. Nf3 Nc6 3. d4 exd4 4. Nxd4 Bc5 5. Nb3 Bb6 6. Nc3 Nf6 7. Qe2 d6 8.
Be3 Be6 9. O-O-O Qe7 10. g3 O-O-O 11. Bg2 Kb8 12. Bxb6 axb6 13. Nd4 Nxd4 14.
Rxd4 g5 15. Kb1 g4 16. Qe3 Bd7 17. Rhd1 h5 18. Bf1 h4 19. Bb5 hxg3 20. hxg3 Rh5
21. Bxd7 Qxd7 22. f4 gxf3 23. Qxf3 Qe6 24. Nd5 Rh6 25. a4 Nxd5 26. exd5 Rf6 27.
Qd3 Qh3 28. Qc3 1/2-1/2

[Event "Coppa del Mondo FIDE 2013"]
[Site "Tromsø"]
[Date "18.08.2013"]
[Round "3.2"]
[White "Areshchenko, Alexander"]
[Black "Kramnik, Vladimir"]
[Result "1/2-1/2"]
[WhiteTitle "GM"]
[BlackTitle "GM"]
[WhiteElo "2709"]
[BlackElo "2784"]
[WhiteFideId "14109530"]
[BlackFideId "4101588"]
[EventDate "2013.08.11"]

1. e4 e5 2. Nf3 Nc6 3. Bb5 Nf6 4. d3 Bc5 5. c3 O-O 6. O-O d6 7. h3 Ne7 8. d4 Bb6
9. Nbd2 exd4 10. cxd4 d5 11. e5 Ne4 12. Bd3 Bf5 13. Qe2 Nc6 14. Nxe4 dxe4 15.
Bxe4 Nxd4 16. Nxd4 Bxe4 17. Qxe4 Qxd4 18. Qxb7 Qxe5 19. Rb1 Rad8 20. Qf3 Rfe8
21. Bf4 Qb5 22. Be3 Rd3 23. Kh1 Bxe3 24. fxe3 f6 25. Rfe1 Qb6 26. Rbc1 Rdxe3 27.
Qd5+ Kf8 28. Rxe3 Rxe3 29. a4 Re5 30. Qd3 h6 31. Rd1 a5 32. Qc4 c5 33. Qd3 Kf7
34. Qd7+ Kg6 35. Qd3+ Kf7 36. Qd7+ Re7 37. Qd5+ Re6 38. Qd7+ Kg8 39. Qd8+ Kh7
40. Qd3+ Kg8 41. Qd8+ Qxd8 42. Rxd8+ Kf7 43. Ra8 Rb6 44. Rxa5 c4 45. Rc5 Rxb2
46. Rxc4 1/2-1/2